tabliczka mnożenia 15x15 - Statystyki

Ogólne statystyki
  • Ten quiz został rozwiązany 3 901 razy
  • Średni wynik to 76 z 89
Statystyki odpowiedzi
Odpowiedź % Poprawnych
1
100%
2
100%
3
100%
4
100%
5
100%
6
100%
10
99%
12
99%
7
99%
8
99%
9
99%
11
98%
13
98%
14
98%
15
98%
16
98%
18
96%
20
96%
30
96%
21
95%
22
95%
24
95%
28
94%
40
94%
25
93%
26
93%
27
93%
36
93%
45
93%
50
93%
60
93%
32
92%
33
92%
35
92%
55
92%
70
92%
90
92%
42
91%
44
91%
48
91%
56
91%
100
90%
80
90%
39
89%
54
89%
66
89%
75
89%
65
88%
72
88%
88
88%
49
87%
77
87%
120
86%
52
86%
63
86%
64
86%
99
86%
110
85%
81
84%
84
84%
150
83%
105
82%
78
82%
130
80%
140
80%
96
79%
121
78%
91
78%
98
77%
135
76%
108
75%
104
72%
112
72%
165
72%
132
71%
144
71%
117
69%
180
69%
126
66%
143
66%
225
66%
154
64%
195
64%
210
62%
156
60%
169
59%
168
57%
196
51%
182
50%
Nie znaleziono quizów pasujących do podanych kryteriów
Rozkład punktacji
Procent ludzi z każdym wynikiem
Percentyl według liczby udzielonych odpowiedzi
Twoja historia wyników
Nie rozwiązałeś tego quizu